000 00507cam a2200205 4500
001 4600126
005 20180112050044.0
008 690822s1969 nyuab 001 0 eng
010 _a 76079602
020 _a0870000586
040 _aDLC
_cDLC
_dDLC
041 _aeng
080 _a324.24
082 0 0 _a324.24 PHI
100 1 _a20
101 _aSHP
245 1 4 _aThe emerging Republican majority
_c[by] Kevin P. Phillips.
906 _a7
_bcbc
_corignew
_du
_encip
_f19
_gy-gencatlg
942 _2ddc
_cBK
999 _c40192
_d40192